Normal view
MARC view
- Jiménez Rioja, Alberto
Entry Nombre Personal
001 - NUMERO DE CONTROL
- campo de control: 46445
003 - IDENTIFICADOR DE NUMERO DE CONTROL
- campo de control: UPN
005 - FECHA Y HORA DE LA ÜLTIMA TRANSACCIÓN
- campo de control: 20220918162400.0
008 - DATOS DE LONGITUD FIJA
- campo de control de longitud fija: 220918nn acannaabn n aaa d
040 ## - FUENTE DE CATALOGACIÓN
- Agencia original de catalogación: UPN
100 1# - ENCABEZAMIENTO - NOMBRE PERSONAL
- Nombre personal: Jiménez Rioja, Alberto
670 ## - FUENTE EN LA QUE SE LOCALIZARON DATOS
- Cita de la fuente: LC
680 ## - NOTA PUBLICA DE ACCESO PÚBLICO
- Frase explicativa de la referencia: Traductor
902 ## - CATALOGADOR
- Catalogador: CAA/180922
